Los otros ojos: manual para la enseñanza de la lectura y de la redacción
Este manual esta destinado a la enseñanza de la lectura y de la redacción en los últimos grados del ciclo primario y en los primeros años del secundario. Se trata de un texto práctico preparado sobre la base del estudio y el análisis de una serie de cuentos.
Salvato in:
| Autore principale: | |
|---|---|
| Natura: | Libro |
| Lingua: | Spanish |
| Pubblicazione: |
Buenos Aires:
Editorial Nova,
1973
|
| Edizione: | 6 ed. |
| Serie: | Colección enseñar
|
| Soggetti: | |
| Accesso online: | Enlace del recurso |
| Tags: |
Aggiungi Tag
Nessun Tag, puoi essere il primo ad aggiungerne! !
|
MARC
| LEADER | 00000nam a2200000 a 4500 | ||
|---|---|---|---|
| 001 | 001192 | ||
| 008 | 030926s1973 ag # fr# #000|0#spa#d | ||
| 041 | 0 | |a spa | |
| 043 | |a s-ag--- | ||
| 082 | 0 | 4 | |a 372.416 |b O534o |
| 100 | 1 | |a Omil, Alba | |
| 245 | 1 | 4 | |a Los otros ojos: |b manual para la enseñanza de la lectura y de la redacción |c Alba Omil |
| 250 | |a 6 ed. | ||
| 260 | |a Buenos Aires: |b Editorial Nova, |c 1973 | ||
| 300 | |a 170 p. | ||
| 440 | 0 | |a Colección enseñar | |
| 520 | 3 | |a Este manual esta destinado a la enseñanza de la lectura y de la redacción en los últimos grados del ciclo primario y en los primeros años del secundario. Se trata de un texto práctico preparado sobre la base del estudio y el análisis de una serie de cuentos. | |
| 650 | 1 | 4 | |a ENSEÑANZA DE LA LECTURA |
| 650 | 1 | 4 | |a ENSEÑANZA DE LA ESCRITURA |
| 999 | |c 3344 |d 3344 | ||
| 856 | |u https://catalogo.idep.edu.co/cgi-bin/koha/opac-detail.pl?biblionumber=3344 |z Enlace del recurso | ||